Historical Tweets II Quiz Stats

 Plays Quiz Updated Oct 16, 2018

Score 0/20 Timer 10:00
0 Plays Today
Tweet Tweeter % Correct
@Dragons @Dinosaurs @unicorns Ark is full. Don't worry. I'll BRB.Noah
92.6%
@AssemblyLine Dudes, where's my cars?Henry Ford
91.7%
Gr8 show tonite. The Ford is the perfect venue for AAAAAARRGH!!Abraham Lincoln
77.7%
Advice for young artists: Visit the site before quoting a price for a 'simple ceiling paint job.'Michelangelo
76.8%
@JFKennedy Happy bday, Mr. Pres! Guess who this is: o8-< (it's me)Marilyn Monroe
73.6%
New lifts arrived today. Feeling confident. Will tweet more from Waterloo.Napoleon Bonaparte
72.7%
Having a hard time explaining to my wife why the maid's breasts are suddenly solid gold.King Midas
64.9%
.. / ..-. .- .-. - . -.. .-.-.- LOLSamuel Morse
63.7%
@aaronburr: I am not throwing away my shot!Alexander Hamilton
59%
Just picked up my 2nd Nobel Prize. They thought I was pretty. Called me positively radiant.Marie Curie
55.9%
Tweet Tweeter % Correct
I hope and pray that this great nation lasts long enough to see my embroidery fashioned into bikini tops.Betsy Ross
52.8%
Coach just assured me 100m gold medal winner gets to kick #Hitler where it counts.Jesse Owens
51.7%
It's all about the me's, baby!Benjamin Franklin
45.9%
People in China have a strange way of talking to me. One says my first name, the other my last.Marco Polo
45.6%
Sorry for the lack of tweets.Wi-fi sucks underground.Harriet Tubman
43.7%
Thinking of opening with a cake story. It will make a killing.Marie Antoinette
43.6%
Finally finished invention. Disappointed to learn that no one can read. #fmlJohannes Gutenberg
41.6%
OMG. Forgot I left the BBQ on. Nothing I hate more than burned steak.Joan of Arc
34.3%
I only regret that I have but 140 characters to use for my country.Nathan Hale
24.1%
At my current rate of success, alcohol in Chicago will be eliminated forever in no time.Eliot Ness
23.5%

You're not logged in!

Compare scores with friends on all Sporcle quizzes.
OR
Log In

You Might Also Like...

Show Comments

Extras

Top Quizzes Today


Score Distribution

Your Account Isn't Verified!

In order to create a playlist on Sporcle, you need to verify the email address you used during registration. Go to your Sporcle Settings to finish the process.

Report this User

Report this user for behavior that violates our Community Guidelines.

Details: